000 00687nam a22002177a 4500
003 0
005 20250905153530.0
008 250905b xxu||||| |||| 00| 0 eng d
020 _a979-8-89161-589-2
050 _aLB 17
_b.B35 2025
100 _aBailey, Ernesto,
_eauthor.
245 _aHistory and philosophy of education /
_cErnesto Bailey.
260 _aJersey City, USA :
_bAlexis Press,
_c2025.
300 _ax, 297 pages :
_billustrations ;
_c27 cm.
504 _aIncludes bibliographical references and index.
650 _aEducation
_xPhilosophy.
650 _aEducation
_xHistory.
650 _aPhilosophy of education.
650 _aHistory of education.
942 _2lcc
_cBK
999 _c367788
_d367788